Estadísticas para Plantilla del campeon - Copa America (3)

Haz click aquí para intentar la prueba.

Estadísticas generales

  • Esta prueba ha sido intentada 5 veces
  • La puntuación promedio es 54 de 222

Estadísticas de respuestas

Pos.JugadorEquipo% Correcto
DELAdemirVasco da Gama
50%
PORArturo Lopez31 de Octubre
50%
DELAtilio LopezGuarani
50%
DEF(c)AugustoVasco da Gama
50%
DELAusberto GarciaWilstermann
50%
DEFCarlos MartinezFenix
50%
DEFDomingo MartinezGuarani
50%
DELDomingo PerezNacional
50%
MEDDomingo PerezNacional
50%
DELFernando RodriguezDanubio
50%
DELInocencio GonzalezSportivo Luqueño
50%
DELJairPalmeiras
50%
MEDJuan Jose RodriguezBoca Juniors
50%
DEF(c)Luis VarelaPeñarol
50%
DEFNilton SantosBotafogo
50%
DELOmar SivoriRiver Plate
50%
PORPedro RodriguezRampla Juniors
50%
DELRenan LopezWilstermann
50%
DELRoque FernandezNacional
50%
MEDRoque FernandezRampla Juniors
50%
DEL(c)Ruben FernandezLibertad
50%
DEFRuben GonzalezNacional
50%
DELWalter RoqueRampla Juniors
50%
DEF(c)William MartinezPeñarol
50%
DELAbdul AramayoChaco Petrolero
25%
PORAdolfo RiquelmeNacional de Paraguay
25%
DELAlcides SilveiraSud America
25%
DELAlejandro Arce-
25%
DELAlfonso AuscarriagaDanubio
25%
DELAngel BerniOlimpia
25%
DEL(c)Angel LabrunaRiver Plate
25%
DEFAngel SchandleinGimnasia y Esgrima LP
25%
DELAntonio AngelilloBoca Juniors
25%
DEFAntonio CabreraLibertad
25%
PORAntonio RomaFerro
25%
MEDArnaldo BalayRacing
25%
DEFArturo TorresDeportivo Municipal
25%
MEDAtilio AguirreDeportivo Municipal
25%
MEDBigodeFluminense
25%
DELCanhotinhoPalmeiras
25%
DELCarlos BorgesPeñarol
25%
MEDCarlos CardenasThe Strongest
25%
MEDCarlos CarranzaCerro
25%
DELCarlos CecconatoIndependiente
25%
MEDCarlos ChavezLiverpool FC
25%
DELCarlos ChavezLiverpool (URU)
25%
DEFCarlos CorreaDefensor Sporting
25%
MEDCarlos GriguolAtlanta
25%
DEFCarmelo SimeoneVelez
25%
DELClaudioCorinthians
25%
DELDaniel MelgarejoDanubio
25%
MEDDaniloVasco da Gama
25%
MEDDavid IñigoSan Lorenzo
25%
MEDDerlis MolinaNacional de Paraguay
25%
DELEdgar QuinterosSan Jose
25%
MEDEduardo Espinoza31 de Octubre
25%
DELEladio BenitezRacing de Montevideo
25%
DEFElgar BaezaNacional
25%
MEDEliseo MouriñoBoca Juniors
25%
MEDEliseo MouriñoBoca Juniors
25%
MEDElyVasco da Gama
25%
DELErnesto CucchiaroniBoca Juniors
25%
DELErnesto GrilloIndependiente
25%
MEDEulogio VargasChaco Petrolero
25%
MEDFederico PizarroSan Lorenzo
25%
DEFFederico VairoRiver Plate
25%
DEFFederico VairoRiver Plate
25%
DELFortunato CastilloChaco Petrolero
25%
MEDFrancisco LombardoBoca Juniors
25%
MEDFrancisco LombardoBoca Juniors
25%
MEDGilberto SolaRiver Plate
25%
DELGuillermo EscaladaNacional
25%
DELGuillermo EscaladaNacional
25%
MEDGuillermo LeguiaSan Lorenzo
25%
DEFHector CincuneguiNacional
25%
MEDHector de BourgoingRiver Plate
25%
DELHector DeMarcoDefensor Sporting
25%
DELHector SalvaDanubio
25%
DEFHeriberto HerreraNacional de Paraguay
25%
DEF(c)Horacio TrocheNacional
25%
DEFHugo Palenque31 de Octubre
25%
DELHumberto MaschioRacing
25%
MEDIreneo HermosillaLibertad
25%
PORIsaac AlvarezChaco Petrolero
25%
PORJacinto CalleroRampla Juniors
25%
DELJaime HerbasWilstermann
25%
DELJavier AmbroisNacional
25%
MEDJesus HerbasWilstermann
25%
MEDJorge AcuñaSud America
25%
MEDJorge BenegasSan Lorenzo
25%
MEDJorge GriffaNewell's Old Boys
25%
PORJorge NegriRacing
25%
MEDJose BauerSao Paulo
25%
DELJose BorelloBoca Juniors
25%
DELJose SanfilippoSan Lorenzo
25%
DELJose SanfilippoSan Lorenzo
25%
DELJose SasiaDefensor Wanderers
25%
MEDJose VarackaIndependiente
25%
DELJuan Alberto CastroRosario Central
25%
DEFJuan Carlos ColmanBoca Juniors
25%
DEFJuan Carlos MuruaRacing
25%
DEFJuan Carlos PazRacing de Montevideo
25%
DEFJuan GimenezRacing
25%
MEDJuan Hector GuidiLanus
25%
DEL(c)Juan Jose PizzutiRacing
25%
DEFJuan MesiasNacional
25%
DEFJuan MujicaNacional
25%
DELJuan RomeroOlimpia
25%
MEDJulio Alberto NuinRiver Plate
25%
DELJulio CastilloRampla Juniors
25%
MEDJulio DalmaoCerro
25%
PORJulio MaceirasDanubio
25%
DEFJulio MonteroNacional
25%
PORJulio MusimessiBoca Juniors
25%
DELJulio VernazzaRiver Plate
25%
DEFLadislao BrazionisRampla Juniors
25%
PORLadislao MazurkiewiczPeñarol
25%
MEDLuis Alberto MiramontesDefensor Sporting
25%
MEDLuis Alberto VeraFenix
25%
DEFLuis BagnatoBanfield
25%
DEFLuis CardosoBoca Juniors
25%
PORLuis DogliottiLiverpool (URU)
25%
DELLuis LacasaNacional de Paraguay
25%
DELLuis PirezRacing de Montevideo
25%
MEDManuel GavilanLibertad
25%
MEDMario BergaraRacing de Montevideo
25%
MEDMario MendezSud America
25%
MEDMario ZabalagaWilstermann
25%
DEFMauro RamosSao Paulo
25%
DELMaximo AlcocerWilstermann
25%
MEDMaximo RamirezThe Strongest
25%
PORMiguel BazzanoDanubio
25%
DELMiguel JuarezRosario Central
25%
DELMilner AyalaRiver Plate (PAR)
25%
DEFMirto DavoineRampla Juniors
25%
PORMoacir BarbosaVasco da Gama
25%
DEFNestor CardosoRosario Central
25%
DEFNestor RossiRiver Plate
25%
DELNininhoPortuguesa
25%
DELNorberto CondeVelez
25%
MEDNoronhaSao Paulo
25%
DELOctavio MoraesBotafogo
25%
MEDOmar CaetanoPeñarol
25%
DELOreste CorbattaRacing
25%
DELOreste CorbattaRacing
25%
DEFOrlandoFluminense
25%
MEDOscar MantegariRiver Plate
25%
DELOscar MiguezPeñarol
25%
DEFOscar VillarroelDeportivo Municipal
25%
POROsvaldoBotafogo
25%
MEDOsvaldo CruzIndependiente
25%
DELOsvaldo CruzIndependiente
25%
MEDOsvaldo GuenzattiAtlanta
25%
DELOsvaldo NardielloBoca Juniors
25%
DELOswaldo RamirezUniversitario
25%
DEFPablo ForlanPeñarol
25%
DELPablo LeonGuarani
25%
DELPedro CallaArgentinos Juniors
25%
DEFPedro DellachaRacing
25%
DEFPedro DellachaRacing
25%
DELPedro ManfrediniRacing
25%
MEDPedro RochaPeñarol
25%
DELRamiro BlacutFerro
25%
DELRamon GomezLibertad
25%
DELRaul BelenRacing
25%
DELRicardo BonelliIndependiente
25%
DELRoberto BrookesChacarita
25%
DELRoberto BrookesChacarita
25%
DEFRoberto CainzoDeportivo Municipal
25%
DEFRoberto LeopardiNacional
25%
PORRoberto SosaNacional
25%
DELRodolfo MicheliIndependiente
25%
PORRogelio DominguezRacing
25%
PORRoque MarrapodiFerro
25%
PORRuben NocedaPresidente Hayes
25%
DELRuben SosaRacing
25%
MEDRui CamposSao Paulo
25%
DELSilvio ParodiSportivo Luqueño
25%
DELTeofilo CubillasPorto
25%
DELTesourinhaInternacional
25%
MEDVictor AndradePeñarol
25%
DELVictor GuaglianoneMontevideo Wanderers
25%
MEDVictoriano LeguizamonOlimpia
25%
MEDVictoriano ManghiniDanubio
25%
DELVictor UgarteBolivar
25%
DELVladas DouksasRampla Juniors
25%
DEFVladislao CapRacing
25%
MEDWashington ManghiniDanubio
25%
MED(c)Wilfredo CamachoFerro
25%
DELWilliam PirizDefensor Sporting
25%
DEFWilsonVasco da Gama
25%
DELZizinhoFlamengo
25%
DELAbayuba IbañezDefensor Sporting
0%
MEDAlfredo QuesadaSporting Cristal
0%
MEDCesar CuetoAlianza Lima
0%
DEFEleazar SoriaIndependiente
0%
DELEnrique CasarettoUniversitario
0%
MEDErnesto GuiierrezRacing
0%
POREusebio AcasuzoUnion Huaral
0%
DELFriacaSao Paulo
0%
DELGeronimo BarbadilloDefensor Lima
0%
DEF(c)Hector ChumpitazUniversitario
0%
MEDHector RamosNacional
0%
DELHugo SotilBarcelona
0%
DELJorge OyarbideNacional
0%
PORJose Gonzalez GanozaAlianza Lima
0%
DEFJose NavarroSporting Cristal
0%
DELJose UrrusmendiNacional
0%
MEDJose VelasquezAlianza Lima
0%
DELJuan Carlos OblitasUniversitario
0%
DELJulio AparicioUniversitario
0%
DEFJulio MelendezJuan Aurich
0%
DEFMelanio OlmedoSol de America
0%
POROttorino SartorUniversitario
0%
MEDPedro RuizUnion Huaral
0%
MEDPercy RojasUniversitario
0%
MEDRaul ParragaSporting Cristal
0%
DEFRobustiano MarcielLibertad
0%
DEFRuben DiazSporting Cristal
0%
MEDRuben TecheraNacional
0%
MEDSantiago OjedaAlianza Lima
0%
DELSimaoPortuguesa
0%

Distribución de puntuación

Porcentaje por número respondido

Porcentaje de gente con cada puntuación

Historial de tus puntuaciones

No has intentado esta prueba.